|
|
|
|
| LEADER |
00000cas a2200000 a 4500 |
| 001 |
vtls001343894 |
| 003 |
SK-MaSNL |
| 005 |
20260228155803.0 |
| 008 |
981005u19769999xo ar|p y 0 0b0slo |
| 040 |
|
|
|a SNK
|b slo
|c SNK
|e AACR2
|
| 041 |
0 |
|
|a slo
|
| 044 |
|
|
|a xo
|c SK
|
| 080 |
|
|
|a 050
|2 2001
|
| 080 |
|
|
|a (055)
|2 2011
|
| 245 |
0 |
0 |
|a Vestník
|
| 260 |
|
|
|a Žilina
|b ÚVSRZ
|c ?1976-
|
| 300 |
|
|
|a zv.
|
| 310 |
|
|
|a 1x ročne
|
| 362 |
0 |
|
|a ?1976-
|
| 655 |
|
7 |
|a bulletiny
|2 SNKPH
|9 70453
|
| 850 |
|
|
|a Slovenská národná knižnica v Martine
|
| 910 |
|
|
|a snk
|
| 999 |
|
|
|c 562
|d 562
|
| 952 |
|
|
|0 0
|1 0
|4 0
|7 0
|a SNK
|b SNK
|d 1998-10-05
|l 0
|o snkČSB 2074/1976
|p 17A0163631
|r 2005-01-02 00:00:00
|w 2026-02-21
|y PREZ
|
| 952 |
|
|
|0 0
|1 0
|4 0
|7 0
|a SNK
|b SNK
|d 1998-10-05
|l 0
|o snkČSB 2074/1978
|p 17A0163635
|r 2005-01-02 00:00:00
|w 2026-02-21
|y PREZ
|